000
00290nam a22001337a 4500
008
181012b xxu||||| |||| 00| 0 eng d
020
_a
2900803613743
041
_a
eng
080
_a
610
100
_a
4
101
_a
SHM
245
_a
Respiratory Disease
_c
Wilkins, R.L
942
_2
udc
_c
BK
999
_c
49567
_d
49567